000 00914nam0a2200277 i 4500
001 RU\NLR\BIBL_A\010861912
005 20240725020504.0
010 _a9785431503207
021 _aRU
_b2015-68778
_94118
035 _a(NLR Aleph) 010861912
090 _a10424999
_c10424999
100 _a20151015d2013 b y0rusy50 ca
101 0 _arus
102 _aRU
105 _aa|||z||||00ay
200 1 _aГав - гав!
_eзвуковая книжка
_eнажми и послушай
_e[для чтения взрослыми детям
_fхудож.: Ольга Вовикова]
210 _aМосква
_cМозаика-Синтез
_d2013
215 _a[8] с. с муз. кнопкой
_cцв. ил.
_d19
333 _a0+
686 0 _aШ9(2)60=Р7-8
702 1 _aВовикова
_bО.
_gОльга
_4040
942 _cBOOK
980 _aNBR